Negroides, simuladores, melancólicos: el ser nacional en el ensayo literario colombiano del siglo XX
Gespeichert in:
| 1. Verfasser: | |
|---|---|
| Format: | Buch |
| Sprache: | Spanisch |
| Veröffentlicht: |
Medellín
Fondo Editorial Universidad EAFIT
2012
|
| Ausgabe: | 1a. ed |
| Schriftenreihe: | Libellus
|
| Schlagworte: | |
| Tags: |
Tag hinzufügen
Keine Tags, Fügen Sie den ersten Tag hinzu!
|
MARC
| LEADER | 00000cam a2200000 a 4500 | ||
|---|---|---|---|
| 001 | UCC4460 | ||
| 003 | CL-VaPUC | ||
| 008 | 180803e20120000ck |||||||||||||||||spa|d | ||
| 020 | |a 9789587201383 | ||
| 082 | 0 | 4 | |a Co864 |b GIR |2 21 |
| 100 | |a Giraldo Quintero, Efrén |e autor |9 605271 | ||
| 245 | 1 | 0 | |a Negroides, simuladores, melancólicos: el ser nacional en el ensayo literario colombiano del siglo XX |
| 250 | |a 1a. ed | ||
| 300 | |a 256 p | ||
| 942 | |c BK | ||
| 945 | |d 20180803 12:44:00 |a dcastane | ||
| 260 | |a Medellín |b Fondo Editorial Universidad EAFIT |c 2012 | ||
| 650 | 0 | |a Ensayo literario |9 322067 | |
| 650 | 0 | |a Crítica literaria |9 269189 | |
| 650 | 0 | |a Literatura colombiana |9 315578 | |
| 583 | |a last modification |c 20180803 12:44:00 |k Rodrigo Vera | ||
| 490 | 0 | |a Libellus | |
| 999 | |c 372006 |d 372004 | ||
| 952 | |0 0 |1 0 |3 erb |4 0 |6 CO_864_000000000000000_GIR_2012 |7 0 |8 A |9 489226 |a BIBEDU |b BIBEDU |i 5486289 |o Co864 GIR 2012 |p 5486289 |r 2019-11-24 |w 2019-11-24 |y BK |z Catalogado en:20180803 |k LIT | ||